Cartes de Counter-Strike 2 par images - Statistiques

Statistiques générales
  • Ce quiz a été pris 23 fois
  • Le résultat moyen est 11 sur 17
Statistiques - réponses
Par images Hint Réponse % Correct
Scénario Bombe Dust II
100%
Scénario Bombe Mirage
95%
Scénario Bombe Nuke
95%
Scénario Bombe Train
91%
Scénario Bombe Inferno
86%
Scénario Bombe Vertigo
86%
Scénario Bombe Anubis
82%
Scénario Bombe Overpass
82%
Scénario Prise d'otages Office
77%
Scénario Bombe Ancient
73%
Scénario Bombe Cache
68%
Scénario Prise d'otages Italy
64%
Course à l'armement Pool Day
45%
Course à l'armement Baggage
18%
Wingman Poseidon
9%
Course à l'armement Shoots
9%
Wingman Sanctum
0%
Aucun quiz correspondant
Distribution des résultats
% des personnes avec chaque résultat
Percentile par nombre de réponses
Votre historique - résultats
Vous n’avez pas pris ce quiz